<?xml version="1.0" encoding="UTF-8"?>
<record
    xmlns:xsi="http://www.w3.org/2001/XMLSchema-instance"
    xsi:schemaLocation="http://www.loc.gov/MARC21/slim http://www.loc.gov/standards/marcxml/schema/MARC21slim.xsd"
    xmlns="http://www.loc.gov/MARC21/slim">

  <leader>03311nam a2200301 a 4500</leader>
  <datafield tag="999" ind1=" " ind2=" ">
    <subfield code="c">113031</subfield>
    <subfield code="d">113031</subfield>
  </datafield>
  <controlfield tag="001">48972</controlfield>
  <controlfield tag="003">DR-UNIBE</controlfield>
  <controlfield tag="005">20241201063331.0</controlfield>
  <controlfield tag="007">cr nn 008mamaa</controlfield>
  <controlfield tag="008">190701s2021    xxu l    s      00001spa   </controlfield>
  <datafield tag="020" ind1=" " ind2=" ">
    <subfield code="a"> 9788418257544</subfield>
  </datafield>
  <datafield tag="020" ind1=" " ind2=" ">
    <subfield code="a"> 9788418257568 (electr&#xF3;nico)</subfield>
  </datafield>
  <datafield tag="040" ind1=" " ind2=" ">
    <subfield code="a">BIBLIOTECA UNIBE</subfield>
    <subfield code="c">BIBLIOTECA UNIBE</subfield>
    <subfield code="e">rda</subfield>
  </datafield>
  <datafield tag="041" ind1=" " ind2=" ">
    <subfield code="a">spa</subfield>
  </datafield>
  <datafield tag="100" ind1=" " ind2=" ">
    <subfield code="a">Klingensmith, Mary E.</subfield>
    <subfield code="e">autor</subfield>
    <subfield code="9">98984</subfield>
  </datafield>
  <datafield tag="245" ind1="1" ind2="0">
    <subfield code="a">Manual Washington de cirug&#xED;a</subfield>
  </datafield>
  <datafield tag="250" ind1=" " ind2=" ">
    <subfield code="a">Octava edici&#xF3;n</subfield>
  </datafield>
  <datafield tag="260" ind1=" " ind2=" ">
    <subfield code="a">Philadelphia :</subfield>
    <subfield code="b">Wolters Kluwer Health,</subfield>
    <subfield code="c">2021</subfield>
  </datafield>
  <datafield tag="300" ind1=" " ind2=" ">
    <subfield code="a">xviii, 956 p&#xE1;ginas</subfield>
  </datafield>
  <datafield tag="500" ind1=" " ind2=" ">
    <subfield code="a">Recurso en l&#xED;nea:
Disponible para miembros de UNIBE a trav&#xE9;s del portal web del CRAI: https://www.unibe.edu.do/biblioteca/libros-electronicos/</subfield>
  </datafield>
  <datafield tag="505" ind1=" " ind2=" ">
    <subfield code="a">Cap&#xED;tulo 1. Cuidado general y perioperatorio del paciente quir&#xFA;rgico |
Cap&#xED;tulo 2. Consideraciones intraoperatorias |
Cap&#xED;tulo 3. Problemas posoperatorios comunes |
Cap&#xED;tulo 4. Nutrici&#xF3;n |
Cap&#xED;tulo 5. Trastornos hidroelectrol&#xED;ticos y acidob&#xE1;sicos |
Cap&#xED;tulo 6. Hemostasia, anticoagulaci&#xF3;n y transfusiones |
Cap&#xED;tulo 7. Anestesia |
Cap&#xED;tulo 8. Cuidado cr&#xED;tico |
Cap&#xED;tulo 9. Resucitaci&#xF3;n en el traumatismo y complementarios |
Cap&#xED;tulo 10. Traumatismos de cabeza, cuello y columna |
Cap&#xED;tulo 11. Traumatismo del t&#xF3;rax |
Cap&#xED;tulo 12. Traumatismo abdominal |
Cap&#xED;tulo 13. Traumatismos de las extremidades |
Cap&#xED;tulo 14. Quemaduras |
Cap&#xED;tulo 15. Cuidado de la herida |
Cap&#xED;tulo 16. Abdomen agudo |
Cap&#xED;tulo 17. Es&#xF3;fago |
Cap&#xED;tulo 18. Est&#xF3;mago |
Cap&#xED;tulo 19. Tratamiento quir&#xFA;rgico de la obesidad |
Cap&#xED;tulo 20. Intestino Delgado |
Cap&#xED;tulo 21. Enfermedades quir&#xFA;rgicas del h&#xED;gado |
Cap&#xED;tulo 22. Enfermedades quir&#xFA;rgicas de los conductos biliares |
Cap&#xED;tulo 23. P&#xE1;ncreas |
Cap&#xED;tulo 24. Bazo |
Cap&#xED;tulo 25. Trasplante abdominal |
Cap&#xED;tulo 26. Ap&#xE9;ndice |
Cap&#xED;tulo 27. Colon y recto |
Cap&#xED;tulo 28. Enfermedad anorrectal |
Cap&#xED;tulo 29. Hernias |
Cap&#xED;tulo 30. Cirug&#xED;a endosc&#xF3;pica, laparosc&#xF3;pica y rob&#xF3;tica |
Cap&#xED;tulo 31. Enfermedades de mama |
Cap&#xED;tulo 32. Tumores de piel y tejidos blandos |
Cap&#xED;tulo 33. S&#xED;ndromes suprarrenales, pituitarios y endocrinos hereditarios |
Cap&#xED;tulo 34. Gl&#xE1;ndulas tiroides y paratiroides |
Cap&#xED;tulo 35. Enfermedades pulmonares y del mediastino |
Cap&#xED;tulo 36. Cirug&#xED;a cardiaca |
Cap&#xED;tulo 37. Enfermedad cerebrovascular |
Cap&#xED;tulo 38. Enfermedades vasculares toracoabdominales |
Cap&#xED;tulo 39. Enfermedad arterial perif&#xE9;rica |
Cap&#xED;tulo 40. Enfermedad venosa y linf&#xE1;tica |
Cap&#xED;tulo 41. Acceso vascular |
Cap&#xED;tulo 42. Cirug&#xED;a pedi&#xE1;trica |
Cap&#xED;tulo 43. Otorrinolaringolog&#xED;a para el cirujano general |
Cap&#xED;tulo 44. Cirug&#xED;a pl&#xE1;stica, reconstructiva y de la mano |
Cap&#xED;tulo 45. Urolog&#xED;a |
Cap&#xED;tulo 46. Ginecolog&#xED;a y obstetricia para el cirujano general |
Cap&#xED;tulo 47. Radiolog&#xED;a |
Cap&#xED;tulo 48. Bioestad&#xED;stica para el cirujano general |
Cap&#xED;tulo 49. Seguridad del paciente y mejora de la calidad |
</subfield>
  </datafield>
  <datafield tag="650" ind1=" " ind2="7">
    <subfield code="a">Cirug&#xED;a</subfield>
    <subfield code="2">lemb</subfield>
    <subfield code="v">Manuales</subfield>
    <subfield code="9">184498</subfield>
  </datafield>
  <datafield tag="650" ind1=" " ind2="7">
    <subfield code="a">Cirug&#xED;a</subfield>
    <subfield code="2">lemb</subfield>
    <subfield code="v">Gu&#xED;as</subfield>
    <subfield code="9">184499</subfield>
  </datafield>
  <datafield tag="650" ind1=" " ind2="7">
    <subfield code="a">Medicina</subfield>
    <subfield code="2">lemb</subfield>
    <subfield code="9">184500</subfield>
  </datafield>
  <datafield tag="655" ind1=" " ind2="4">
    <subfield code="a">Recurso electr&#xF3;nico</subfield>
    <subfield code="9">42681</subfield>
  </datafield>
  <datafield tag="856" ind1="4" ind2="0">
    <subfield code="u">https://ezproxy.unibe.edu.do/login?url=https://bc.vitalsource.com/tenants/unibewolterskluwerhealth/libraries?bookmeta_vbid=
9788418257568</subfield>
  </datafield>
  <datafield tag="942" ind1=" " ind2=" ">
    <subfield code="2">ddc</subfield>
    <subfield code="c">EB</subfield>
  </datafield>
  <datafield tag="952" ind1=" " ind2=" ">
    <subfield code="0">0</subfield>
    <subfield code="1">0</subfield>
    <subfield code="2">ddc</subfield>
    <subfield code="7">0</subfield>
    <subfield code="8">eTEXT</subfield>
    <subfield code="a">Principal</subfield>
    <subfield code="d">2024-09-03</subfield>
    <subfield code="l">0</subfield>
    <subfield code="p">EB0442</subfield>
    <subfield code="r">2024-07-31 00:00:00</subfield>
    <subfield code="t">1 copia</subfield>
    <subfield code="w">2024-07-31</subfield>
    <subfield code="y">EB</subfield>
  </datafield>
</record>
